Star trek memories / (Record no. 525)

MARC details
000 -LEADER
fixed length control field 00797pam a2200301 a 4500
003 - CONTROL NUMBER IDENTIFIER
control field data
005 - DATE AND TIME OF LATEST TRANSACTION
control field 20260322212023.0
008 - FIXED-LENGTH DATA ELEMENTS--GENERAL INFORMATION
fixed length control field data
010 ## - LIBRARY OF CONGRESS CONTROL NUMBER
LC control number 92056233
015 ## - NATIONAL BIBLIOGRAPHY NUMBER
National bibliography number C94-6595-9
020 ## - INTERNATIONAL STANDARD BOOK NUMBER
International Standard Book Number 0060177349 :
020 ## - INTERNATIONAL STANDARD BOOK NUMBER
International Standard Book Number 9780060177348 :
040 ## - CATALOGING SOURCE
Original cataloging agency DLC
Transcribing agency DLC
Modifying agency CWR
-- CWR
049 ## - LOCAL HOLDINGS (OCLC)
Holding library CWRR
050 00 - LIBRARY OF CONGRESS CALL NUMBER
Classification number PN1992.77.S73
Item number S5 1993
055 #0 - CLASSIFICATION NUMBERS ASSIGNED IN CANADA
Classification number PN1992 .77 S75
Item number S43 1993
082 00 - DEWEY DECIMAL CLASSIFICATION NUMBER
Classification number 791.45/72
Edition information 20
092 ## - LOCALLY ASSIGNED DEWEY CALL NUMBER (OCLC)
Classification number 791.45 S5 1993
001 - CONTROL NUMBER
control field data
100 1# - MAIN ENTRY--PERSONAL NAME
Personal name Shatner, William.
245 10 - TITLE STATEMENT
Title Star trek memories /
Statement of responsibility, etc. William Shatner & Chris Kreski.
250 ## - EDITION STATEMENT
Edition statement 1st ed.
260 ## - PUBLICATION, DISTRIBUTION, ETC.
Place of publication, distribution, etc. New York, NY :
Name of publisher, distributor, etc. HarperCollinsPublishers,
Date of publication, distribution, etc. c1993.
300 ## - PHYSICAL DESCRIPTION
Extent ix, 306 p. :
Other physical details ill. ;
Dimensions 24 cm.
630 00 - SUBJECT ADDED ENTRY--UNIFORM TITLE
Uniform title Star Trek (Television program)
650 #0 - SUBJECT ADDED ENTRY--TOPICAL TERM
Topical term or geographic name entry element Star Trek films.
700 1# - ADDED ENTRY--PERSONAL NAME
Personal name Kreski, Chris,
Dates associated with a name 1962-
Holdings
Withdrawn status Lost status Damaged status Not for loan Home library Current library Shelving location Date acquired Total checkouts Full call number Barcode Date last seen Price effective from Koha item type
        Franklin Franklin General stacks 22/03/2026   791.45/72 20 BC0010537 22/03/2026 22/03/2026 Books